Statistics for Countries with One Border

Click here to take the quiz!

General Stats

  • This quiz has been taken 49 times
  • The average score is 16 of 17

Answer Stats

Bordering Country Country % Correct
ItalyVatican City
100%
North KoreaSouth Korea
100%
ItalySan Marino
98%
United KingdomIreland
98%
SpainPortugal
98%
IrelandUnited Kingdom
98%
FranceMonaco
95%
United StatesCanada
95%
HaitiDominican Republic
93%
South AfricaLesotho
93%
GermanyDenmark
93%
Dominican RepublicHaiti
93%
IndonesiaEast Timor
89%
Saudi ArabiaQatar
89%
IndonesiaPapua New Guinea
86%
MalaysiaBrunei
82%
SenegalGambia
80%

Score Distribution

Percentile by Number Answered

Percent of People with Each Score

Your Score History

You have not taken this quiz